1173 1137 1645 1771 1052 1960 1211 1333 1660 1318 1162 1325 1297 1198 1289 1778 1875 1615 1883 1578 1847 1377 1492 1127 1997 1870 1567 1291 1187 1265 1645 1939 1959 1039 1940 1775 1154 1845 1861 1800 1418 1015 1865 1850 1797 1528 1157 1962 1020 1956 1618 1747 1882 1420 1563 1599 1889 1967 1922 1805 1931 1160 1800 1203 1122 1780 1890 1514 1117 1513 1152 1662 1727 1795 1444 1367 1932 1462 1650 1551 1825 1513 1857 1484 1961 1654 1110 1154 1944 1485 1549 1763 1380 1211 1891 1802 1093 1428 1342 BCNSPRNW ULIB Ver.6.0+V

เปลี่ยนเป็นภาษาไทย

Change to English
 แสดงรายละเอียดบรรณานุกรม
  กลับหน้าหลัก

Brief Record : Get Marc (ISO 2709) : E-mail record : QR code < ปิดหน้าต่าง
LEADER : 00000nam 2200000uu 4500
001    13399111634
003     ULIB
008    110704s||||||||th 000 0 tha d
020    9789748460055
050  4 BQ4570^bส243ธ 2550
100 0  สมเด็จพระพุฒาจารย์^q(เกี่ยว อุปเสโณ)
245 10 ธรรมะให้ลูกดี /^cสมเด็จพระพุฒาจารย์ (เกี่ยว อุปเสโณ)
250    พิมพ์ครั้งที่ 1
260    กรุงเทพฯ :^bอนันตะ,^c2550
300    160 หน้า ;^c21 ซม.
600 07 สมเด็จพระพุฒาจารย์ (เกี่ยว อุปเสโณ)
650  7 ธรรมะกับชีวิตประจำวัน
650  7 พุทธศาสนากับชีวิตประจำวัน
650  7 ธรรมะ
945    ^p159^l0^i023142
995    ทศพร
999 ^a ใช้งานได้ทุกระบบ
รายการนี้ยังไม่มีแท็ก
คุณยังไม่ได้ล็อกอิน คุณสามารถมีกิจกรรมร่วมกับเว็บไซต์ได้ แต่ต้องล็อกอินก่อน ::
  ล็อกอิน

รายการสื่อสารสนเทศ

ลำดับที่ ประเภท เลขเรียก/บาร์โค้ด สถานที่ สถานะ
- ไม่พบข้อมูล -

รายการใกล้เคียง
    หัวเรื่อง [ธรรมะกับชีวิตประจำวัน]
    หัวเรื่อง [พุทธศาสนากับชีวิตประจำวัน]
    หัวเรื่อง [ธรรมะ]

BibComment


ยังไม่เคยถูกคอมเมนท์

คอมเมนท์ทรัพยากรรายการนี้
  คอมเมนท์: ธรรมะให้ลูกดี สม..


 Copyright 2026. Bcnsprnw @Library